City Name With Hints - Statistics

General Stats
  • This quiz has been taken 31 times
  • The average score is 5 of 14
Answer Stats
Hint Answer % Correct
Has cow in it. Moscow
85%
Did you eat breakfast? Yes
48%
Joost Kleins country's capital Amsterdam
44%
Are you repenting? No
44%
He is coming No
44%
He is throbbing No
44%
NO NO
44%
YES NO
44%
Hi Hi
30%
Sounds like Polo Oslo
19%
Evil austrian man came from here Braunau am Inn
11%
Theres a hole in your budget. Dear labor...
11%
Kamala Harris birthplace Oakland
11%
Where I go to shop The store
11%
No matching quizzes found
Score Distribution
Percent of People with Each Score
Percentile by Number Answered
Your Score History
You have not taken this quiz